000 00806nam a22002417a 4500
999 _c15651
_d15651
003 AR-CdUCM
008 190429b ||||| |||| 00| 0 spa d
040 _aMUNICIPALIDAD PROVINCIAL DEL CUSCO
_cBIBLIOTECA MUNICIPAL DEL CUSCO
082 _a869.56 /
_bG18 / 1943
100 _aGálvez Barrenechea, José
_927825
245 _aCalles de Lima y meses del año /
260 _aLima :
_bInternacional Petroleum,
_c1931.
300 _a160 paginas ;
_bIlustraciones,plano,
_c23 cm.
505 _aContenido :Calles de Lima y meses del año /
650 _aCalles
_932588
650 _aPerú
_935
650 _aLima
_9231
650 _aDescripciones y viajes
_9497
650 _aHistoria
_9136
700 _aMálaga Grenet, Julio (Ilustraciones)
_934788
942 _2ddc
_cLIBROS
945 _arjall
_d2019-04-29